Tilastot visalle Sormuksen saattueen jäsenet

Klikkaa tästä pelataksesi tätä visaa!

Yleistilastot

  • Tätä visaa on pelattu 232 kertaa
  • Keskiarvotulos 7 / 9

Vastaustilastot

Jäsen% Oikein
Frodo
98%
Gandalf
88%
Aragorn
85%
Sam
84%
Legolas
82%
Gimli
77%
Pippin
76%
Merri
73%
Boromir
70%

Tulosjakauma

Persentiili vastausten määrän mukaan

Jokaisen tuloksen saaneiden osuus

Tuloshistoriasi

Et ole pelannut tätä visaa